000 00778nam a2200253 i 4500
001 81986
003 ES-MaACL
005 20230906174544.0
007 t|
008 041117s2004 gw ||||1| spa d
020 _a3-00-013023-3
080 _a811.134.2(076.1)
100 1 _aMartínez Calleja, Pablo.
_977911
245 1 0 _aYo me llamo Javier ¿y tú? /
_cPablo Martínez-Calleja.
250 _a1ª ed.
260 _a[S.l.] :
_bPunto y Coma,
_c2004.
300 _a108 p. :
_bil. ;
_c21 cm.
490 1 _aEspañol para principiantes
650 1 4 _aLengua española-
_vEjercicios prácticos.
_914149
700 1 _aCerviño López, Sonsoles.
_937666
830 0 _aEspañol para principiantes
_9231557
852 _aES-MaACL
_jL-28493
_bR.134339
999 _c81986
_d81986